<?xml version="1.0" encoding="UTF-8"?><?xml-stylesheet type="text/xsl" href="static/style.xsl"?><OAI-PMH xmlns="http://www.openarchives.org/OAI/2.0/" xmlns:xsi="http://www.w3.org/2001/XMLSchema-instance" xsi:schemaLocation="http://www.openarchives.org/OAI/2.0/ http://www.openarchives.org/OAI/2.0/OAI-PMH.xsd"><responseDate>2026-06-01T04:36:01Z</responseDate><request verb="GetRecord" identifier="oai:riuma.uma.es:10630/11132" metadataPrefix="marc">https://riuma.uma.es/rest/oai/request</request><GetRecord><record><header><identifier>oai:riuma.uma.es:10630/11132</identifier><datestamp>2026-02-03T11:54:03Z</datestamp><setSpec>com_10630_2254</setSpec><setSpec>col_10630_37959</setSpec></header><metadata><record xmlns="http://www.loc.gov/MARC21/slim" xmlns:dcterms="http://purl.org/dc/terms/" xmlns:doc="http://www.lyncode.com/xoai" xmlns:xsi="http://www.w3.org/2001/XMLSchema-instance" xsi:schemaLocation="http://www.loc.gov/MARC21/slim http://www.loc.gov/standards/marcxml/schema/MARC21slim.xsd">
   <leader>00925njm 22002777a 4500</leader>
   <datafield ind2=" " ind1=" " tag="042">
      <subfield code="a">dc</subfield>
   </datafield>
   <datafield ind2=" " ind1=" " tag="720">
      <subfield code="a">Ortega-Aguaza, Bienvenido</subfield>
      <subfield code="e">author</subfield>
   </datafield>
   <datafield ind2=" " ind1=" " tag="720">
      <subfield code="a">Sanjuán-Solís, Jesús Carlos</subfield>
      <subfield code="e">author</subfield>
   </datafield>
   <datafield ind2=" " ind1=" " tag="720">
      <subfield code="a">Casquero-Tomás, Antonio</subfield>
      <subfield code="e">author</subfield>
   </datafield>
   <datafield ind2=" " ind1=" " tag="260">
      <subfield code="c">2016-04-08</subfield>
   </datafield>
   <datafield ind2=" " ind1=" " tag="520">
      <subfield code="a">Efficiency issues in health investments have received increasing attention, mainly as a&#xd;
result of the growing amount of resources invested in developing countries and their&#xd;
mixed impacts on outcomes. The empirical literature has suggested that, although&#xd;
government spending on health care improves the health status of the population, society&#xd;
can potentially gain more through the more efficient assignment of health resources. In this context, this paper aims to: firstly, to analyse whether developing&#xd;
countries can further reduce child mortality by using the available resources more&#xd;
parsimoniously; and secondly, to identify the (non-discretionary) socio-economic factors&#xd;
that could be affecting this process. More specifically, this paper aims to explain why&#xd;
some countries are more efficient than others in converting inputs (physician density and&#xd;
relative total health expenditure) into a health outcome: the under-five mortality rate&#xd;
(U5MR). The database used&#xd;
in the estimations comprised 47 developing countries with data for the periods 2000-&#xd;
2004, 2005-2009, and 2010-2012. The findings suggest that greater efficiency in the&#xd;
provision of immunization, better quality government, and lower income inequality are&#xd;
directly related to efficiency in the use of inputs to reduce the U5MR.</subfield>
   </datafield>
   <datafield ind1="8" ind2=" " tag="024">
      <subfield code="a">http://hdl.handle.net/10630/11132</subfield>
   </datafield>
   <datafield tag="653" ind2=" " ind1=" ">
      <subfield code="a">Niños - Mortalidad</subfield>
   </datafield>
   <datafield ind2="0" ind1="0" tag="245">
      <subfield code="a">Socio-economic determinants of efficiency in reducing child mortality in developing countries</subfield>
   </datafield>
</record>
</metadata></record></GetRecord></OAI-PMH>